[Event "Pan American-ch U18 Girls"]
[Site "Santiago de Chile"]
[Date "2018.07.23"]
[Round "2"]
[White "Canche Cab, Alexa"]
[Black "Martinez Mansilla, Cyntia Belen"]
[Result "1/2-1/2"]
[WhiteElo "1747"]
[BlackElo "1413"]
[PlyCount "107"]
[EventDate "2018.07.22"]
[EventType "swiss"]
[EventRounds "9"]
[EventCountry "CHI"]
[SourceTitle "EXT 2022"]
[Source "ChessBase"]
[SourceDate "2021.10.06"]
[SourceVersion "1"]
[SourceVersionDate "2021.10.06"]
[SourceQuality "1"]

1. e4 c5 2. Nf3 d6 3. Bb5+ Bd7 4. Bxd7+ Nxd7 5. 0-0 Ngf6 6. Re1 e6 7. c3 Be7 8. d4 cxd4 9. cxd4 Qc7 10. Nc3 0-0 11. Bg5 Nb6 12. Rc1 Qd7 13. Qe2 Rac8 14. Rcd1 Rfe8 15. Bxf6 Bxf6 16. e5 Be7 17. d5 Nc4 18. Qc2 a6 19. b3 Nxe5 20. Nxe5 dxe5 21. Rxe5 Qc7 22. Re3 exd5 23. Rxd5 Bf6 24. Rdd3 Rxe3 25. Rxe3 Bxc3 26. Qe4 h6 27. g3 Bd2 28. Re2 Qc1+ 29. Kg2 Bg5 30. Qxb7 Qc6+ 31. Qxc6 Rxc6 32. f4 Bf6 33. Kf3 Kf8 34. Kf2 Bd4+ 35. Kf3 f5 36. Rd2 Rc3+ 37. Ke2 Re3+ 38. Kd1 Bc3 39. Rd5 g6 40. Rd6 Kf7 41. Rxa6 Re6 42. Ra7+ Re7 43. Ra6 Be1 44. Rd6 Bf2 45. Rd2 Re1+ 46. Kc2 Bc5 47. Kd3 Bb4 48. Rc2 Rd1+ 49. Kc4 Be7 50. b4 Rb1 51. a3 Ra1 52. Kb3 Re1 53. Ka4 Re4 54. Rc7 1/2-1/2